ՀՀ Գիտությունների ազգային ակադեմիայի հիմնարար գիտական գրադարան  =   Fundamental Scientific Library of NAS RA

Механизмы электродермальных реакций / (Record no. 277990)

MARC details
000 -LEADER
fixed length control field 00891nam a2200205 u 4500
001 - CONTROL NUMBER
control field 000752323
003 - CONTROL NUMBER IDENTIFIER
control field AM-YeHGA
005 - DATE AND TIME OF LATEST TRANSACTION
control field 20250617143608.0
008 - FIXED-LENGTH DATA ELEMENTS--GENERAL INFORMATION
fixed length control field 100721s1985 ||| r 000 0 rus d
040 ## - CATALOGING SOURCE
Original cataloging agency AM-YeHGA
041 0# - LANGUAGE CODE
Language code of text/sound track or separate title rus
090 ## - LOCALLY ASSIGNED LC-TYPE CALL NUMBER (OCLC); LOCAL CALL NUMBER (RLIN)
-- 279641
100 1# - MAIN ENTRY--PERSONAL NAME
Personal name Алдерсонс, Альбертс Албертович
245 10 - TITLE STATEMENT
Title Механизмы электродермальных реакций /
Statement of responsibility, etc. А.А. Алдерсонс; Латв. НИИ эксперим. и клинич. медицины.
260 ## - PUBLICATION, DISTRIBUTION, ETC.
Place of publication, distribution, etc. Рига :
Name of publisher, distributor, etc. Зинатне,
Date of publication, distribution, etc. 1985.
300 ## - PHYSICAL DESCRIPTION
Extent 130 с. :
Other physical details ил.
504 ## - BIBLIOGRAPHY, ETC. NOTE
Bibliography, etc. note Библиогр.: с. 116-129
653 0# - INDEX TERM--UNCONTROLLED
Uncontrolled term Кожа - Электрические свойства
710 2# - ADDED ENTRY--CORPORATE NAME
Corporate name or jurisdiction name as entry element Латвийский научно-исследовательский институт экспериментальной и клинической медицины
Holdings
Withdrawn status Lost status Damaged status Not for loan Collection Home library Current library Date acquired Total checkouts Full call number Barcode Date last seen Price effective from Koha item type Public note
        General Fundamental Scientific Library Fundamental Scientific Library 29/12/2016   PII/532569 FL0168349 29/12/2016 29/12/2016 Գրքեր / Books 30 Days Loan


ՀՀ ԳԱԱ հիմնարար գիտական գրադարան
ՀՀ,Երևան 0019
Մարշալ Բաղրամյան 24/6
հեռախոս:(374-10) 52-47-50
Հետադարձ կապ

All site content, except where otherwise noted, is licensed under a
Creative Commons License